Länder mit dem Buchstaben N als zweitem Buchstaben - Statistiken

Allgemein
  • Dieses Quiz wurde 448 mal gespielt
  • Das Durchschnittsergebnis liegt bei 5 aus 6
Antwortstatistiken
Land % Korrekt
Indien
91%
Indonesien
86%
Andorra
80%
Angola
79%
Ungarn
74%
Antigua und Barbuda
51%
Keine übereinstimmenden Quizze gefunden
Verteilung der Resultate
Anzahl Personen mit jedem Resultat
Perzentil nach korrekt beantworteten Fragen
Ihre Resultats-Entwicklung
Sie haben dieses Quiz noch nicht gespielt